00319pam a2200133 a 4500020000500000041000500005082001600010100002300026245005700049250001200106260003800118300000900156653002000165 c h a615.31bSMI aSmith, A Bernhard. aPoisonous Plants of All CountrieshTextual Documents a2nd ed. aDelhibSoni Reprints Agencyc1998 a112. aSynthetic Drugs